000 00217nam a2200097Ia 4500
008 191206s9999 xx 000 0 und d
020 _a9.78178E+12
090 _aPR6113.A6215
245 0 _aIN DEPENDENCE
260 _cc2008
999 _c16205
_d16205